Online Catalogue and eLibrary

Ebilipitiye mineemaruwo (Record no. 4848)

MARC details
000 -LEADER
fixed length control field 00404nam a2200157Ia 4500
005 - DATE AND TIME OF LATEST TRANSACTION
control field 20250411070124.0
008 - FIXED-LENGTH DATA ELEMENTS--GENERAL INFORMATION
fixed length control field 240331s9999 xx 000 0 und d
020 ## - INTERNATIONAL STANDARD BOOK NUMBER
ISBN 9559564617
082 ## - DDC Classification
Class No. 891
Item Number - Author Mark EMB
100 ## - MAIN ENTRY--PERSONAL NAME
Personal name Kurukulasuriya,K
245 #0 - TITLE STATEMENT
Title Ebilipitiye mineemaruwo
260 ## - PUBLICATION, DISTRIBUTION, ETC.
Place of publication, distribution, etc. Battaramulla
Name of publisher, distributor, etc. Anura Horace
Date of publication, distribution, etc. 1994
300 ## - PHYSICAL DESCRIPTION
Extent (e.g. Volumes, Pages etc.) Xi, 104 p .,
500 ## - GENERAL NOTE
General note A book about Embilipity Murders
942 ## - Koha item type (Biblio)
Koha item type Books in Stacks (Lending)
Holdings
Lost status Damaged status Collection code Home library Current library Shelving location Date acquired Accession Number Item type
    Lending WERC Library WERC Library Social Science Cupboard 03/31/2024 3330 Books in Stacks (Lending)

© WERC Library